000 00817cam a22002533a 4500
001 4779
003 PGUSA
005 20140828083108.0
008 031201s2003||||xxu|||||s|||||000 | eng d
040 _aPGUSA
_beng
042 _adc
050 4 _aDK
100 1 _aVaknin, Samuel,
_d1961-
245 1 0 _aRussian Roulette :
_bRussia's Economy in Putin's Era
_h[electronic resource] /
_cSamuel Vaknin
260 _bProject Gutenberg,
_c2003
506 _aCopyrighted. Read the copyright notice inside this book for details.
516 _aElectronic text
653 _aRussia (Federation) -- Politics and government -- 1991-
653 _aPutin, Vladimir Vladimirovich, 1952-
700 1 _aRangelovska, Lidija
830 0 _aProject Gutenberg
_v4779
856 4 0 _uhttp://www.gutenberg.org/ebooks/4779
942 _cEB
999 _c234108
_d234108